| 000 | 01531nam a2200457 i 4500 | ||
|---|---|---|---|
| 001 | 33225 | ||
| 003 | KOSZ 005 | ||
| 005 | 20191104095627.0 | ||
| 008 | 980623s1998 pl a f f |001 0 pol | ||
| 015 | _aPB 1998/7906 | ||
| 020 | _a8320810892 | ||
| 035 | _a991003695089705066 | ||
| 035 | _a(PL-WaBN)b10987587-48omnis_nlop | ||
| 035 | _ab10987587 | ||
| 035 | _a(OCoLC)749754564 | ||
| 035 | _a(PL)b0000001098758 | ||
| 035 | _a(EXLNZ-48OMNIS_NETWORK)9910316120805606 | ||
| 040 |
_aWA N _cWA N _dKOSZ 005/HR |
||
| 080 | _a913(100):33 | ||
| 080 | _a(07) | ||
| 245 | 0 | 0 |
_aGeografia gospodarcza świata : _bpraca zbiorowa / _cpod red. Ireny Fierli ; aut. I. Fierla [et al.]. |
| 260 |
_aWarszawa : _bPolskie Wydaw. Ekonomiczne, _c1998. |
||
| 300 |
_a461, [3] s. : _bmapy, wykr. ; _c24 cm. |
||
| 336 |
_2rdacontent _aTekst _btxt |
||
| 337 |
_2rdamedia _aBez urządzenia pośredniczącego _bn |
||
| 338 |
_2rdacarrier _aWolumin _bnc |
||
| 380 | _aKsiążki | ||
| 380 | _aPublikacje dydakr\tyczne | ||
| 388 | _a1901-2000 | ||
| 388 | _a1989-2000 | ||
| 504 | _aIndeks. | ||
| 650 | 7 |
_aGeografia gospodarcza _2DBN |
|
| 655 | 7 |
_aPodręcznik _2DBN |
|
| 658 | _aGeografia i nauki o Ziemi | ||
| 658 | _aGospodarka, ekonomia, finanse | ||
| 700 | 1 |
_aFierla, Irena _d(1933- ) _eRedakcja |
|
| 710 | 2 |
_aPolskie Wydawnictwo Ekonomiczne _4pbl |
|
| 856 |
_uhttp://koha.tu.koszalin.pl/cgi-bin/koha/opac-detail.pl?biblionumber=33225 _yKatalog online BPK |
||
| 942 |
_2UKD _cKS |
||
| 999 |
_c33225 _d33225 |
||